000
00303nam a22001337a 4500
008
170526b xxu||||| |||| 00| 0 eng d
020
_a
083060913-X
041
_a
eng
080
_2
2ND
_a
621.38
100
_a
27
101
_a
IM
245
_a
BASIC ELECTRONICS COURSE
_c
CROWHURST, N.H
942
_2
udc
_c
BK
999
_c
14512
_d
14512